Bones - Sudden Death - Statistics

General Stats
  • This quiz has been taken 49,748 times
  • The average score is 10 of 15
Answers on the Grid
Answers color-coded by a green-red scale on the quiz's grid according to % correct below.
Aorta
Appendix
Axolotl
Chad
Clavicle
Coccyx
Diameter
Femur
Fibula
Fusilli
Humerus
Keratin
Malleus
Mandible
Metacarpals
Nutella
Patella
Pubis
Radius
Retina
Rostrum
Scapula
Spatula
Sternum
Thallium
Tiberius
Tibia
Ulna
Vistula
Weetabix
 
Answer Stats
Answer % Correct
Femur
89%
Clavicle
83%
Fibula
80%
Humerus
79%
Tibia
75%
Coccyx
72%
Patella
72%
Sternum
72%
Scapula
70%
Mandible
68%
Radius
64%
Ulna
62%
Metacarpals
60%
Pubis
53%
Malleus
40%
No matching quizzes found
Score Distribution
Percent of People with Each Score
Percentile by Number Answered
Your Score History
You have not taken this quiz